01018nam a2200205 a 450000100100000000500170001000800410002704000250006810000520009324501040014526000430024930000280029250400300032050000530035059000650040395201110046895201050057995201110068499900170079500004485520240704133524.0150114s2014 dr a 000 0 spa d aDO-SdBNPbspacBNPHU1 aMartínez Fernández, Héctor,d1949-91954110aDajabón en la Historia Nacional :b(de Nitainato a Provincia) /cHéctor Martínez Fernández. aSanto Domingo :bJM Publicidad,c2014. a272 p. :bil. ;c21 cm. aBibliografía p: 261-270 aIncluye datos biografícos en la contraportada. aLa biblioteca posee un ejemplar autografíado por el autor. 0010718DSaGRbGRcCTd2015-01-14iLF1l0o p44855-30r2020-06-25te. 3w2020-06-25yLFDSZNo se presta 0010718PDaPDbPDcCTd2015-01-14iLF1l0o p44855-10r2020-06-25w2020-06-25yLFPDZNo se presta 0010718PDaPDbPDcCTd2015-01-14iLF1l0o p44855-20r2020-06-25te. 2w2020-06-25yLFPDZNo se presta c44344d44344